|
|
|
|
| LEADER |
01004cam a2200253 7i4500 |
| 001 |
0000087604 |
| 005 |
20251112090000.0 |
| 020 |
|
|
|a 9780443154263 (electronic book)
|
| 090 |
0 |
0 |
|a Q335
|b .M334 2025
|
| 245 |
0 |
0 |
|a Machine learning aided analysis, design, and additive manufacturing of functionally graded porous composite structures
|c edited by Jie Yang, Da Chen, Kang Gao.
|
| 264 |
|
|
|a Cambridge, MA:
|b Elsevier,
|c 2025.
|
| 300 |
|
|
|a 1 online resource (460 pages):
|b colour illustrations, text file, PDF.
|
| 336 |
|
|
|a text
|2 rdacontent
|
| 337 |
|
|
|a computer
|2 rdamedia
|
| 338 |
|
|
|a online resource
|2 rdacarrier
|
| 650 |
|
0 |
|a Artificial intelligence
|
| 655 |
|
0 |
|a Electronic books
|
| 700 |
1 |
|
|a Yang, Jie
|
| 700 |
1 |
|
|a Chen, Da
|
| 700 |
1 |
|
|a Gao, Kang
|
| 856 |
4 |
2 |
|u http://library.unisel.edu.my/web/guest/mylibrary
|
| 997 |
|
|
|a Communication, Visual Art & Computing, Faculty
|b Computing, Department
|
| 998 |
|
|
|a Information Technology, Diploma
|
| 999 |
|
|
|a EBO0026373
|b EBOOK
|c EBOOK
|e Electronic resources
|